000 00443nab a2200145Ia 4500
003 ES-SlBCS
005 20210601132246.0
008 140529s2008 xxu||||| |||| 00| 0 ita d
041 _aita
100 1 _aSilli, Flavia
_9193389
245 0 0 _aIl problema della conoscenza in Stefanini e in Blondel
_c Flavia Silli
650 0 4 _aProblema del Conocimiento
_9193440
773 0 _tAquinas
_gvol. 51, nº. 3, 2008, págs. 517-526
_wRev52
942 _cAR
999 _c576850
_d576850